Introduction : repenser l'impact de l'adhésion (notice n° 1631007)
[ vue normale ]
| 000 -LEADER | |
|---|---|
| fixed length control field | 01741cam a2200169 4500500 |
| 005 - DATE AND TIME OF LATEST TRANSACTION | |
| control field | 20260111104658.0 |
| 041 ## - LANGUAGE CODE | |
| Language code of text/sound track or separate title | fre |
| 042 ## - AUTHENTICATION CODE | |
| Authentication code | dc |
| 100 10 - MAIN ENTRY--PERSONAL NAME | |
| Personal name | Dakowska, Dorota |
| Relator term | author |
| 245 00 - TITLE STATEMENT | |
| Title | Introduction : repenser l'impact de l'adhésion |
| 260 ## - PUBLICATION, DISTRIBUTION, ETC. | |
| Date of publication, distribution, etc. | 2005.<br/> |
| 500 ## - GENERAL NOTE | |
| General note | 44 |
| 520 ## - SUMMARY, ETC. | |
| Summary, etc. | “Europe” played a significant role in the rise of right-wing populism in Austria, by representing first a counter example to the Austrian model and subsequently an external threat, both of which allowed the right-wing populist Freedom Party to mobilize people and form a disparate coalition of voters. As this article argues however, this was less a question of ideology. As principally a populist party concerned with maximizing its success at the game of elections, the FPÖ always flexibly adapted its position to take advantage of the political opportunities that presented themselves in an evolving Union and a changing Europe. However, the Freedom Party was only able to do so because its leadership, especially Jörg Haider, was keenly aware of the ambiguity in the relationship between Austria and Europe, benefiting from Austria’s historical skepticism of Western modernity, its relative isolation from Atlanticist Europe, its ambivalence toward liberal market economies, and its lack of national identity. For all parties in Austrian politics, “Europe” thus served as an escape mechanism, an instrument of political mobilization, and an image projecting either modernity or an alien threat. |
| 700 10 - ADDED ENTRY--PERSONAL NAME | |
| Personal name | Neumayer, Laure |
| Relator term | author |
| 786 0# - DATA SOURCE ENTRY | |
| Note | Politique européenne | 15 | 1 | 2005-01-01 | p. 5-27 | 1623-6297 |
| 856 41 - ELECTRONIC LOCATION AND ACCESS | |
| Uniform Resource Identifier | <a href="https://shs.cairn.info/revue-politique-europeenne-2005-1-page-5?lang=fr&redirect-ssocas=7080">https://shs.cairn.info/revue-politique-europeenne-2005-1-page-5?lang=fr&redirect-ssocas=7080</a> |
Pas d'exemplaire disponible.




Réseaux sociaux